Sta. Leocadia azotada (Record no. 84572)

MARC details
000 -LEADER
campo de control de longitud fija 01753nkc a2200301za 4500
001 - NÚMERO DE CONTROL
campo de control 84572
003 - IDENTIFICADOR DE NÚMERO DE CONTROL
campo de control OSt
005 - FECHA Y HORA DE LA ÚLTIMA TRANSACCIÓN
campo de control 20260423160205.0
007 - CAMPO FIJO DE DESCRIPCIÓN FÍSICA--INFORMACIÓN GENERAL
campo de control de longitud fija kh boc
008 - DATOS DE LONGITUD FIJA--INFORMACIÓN GENERAL
campo de control de longitud fija 250410s1909 sp ||||| ||||||0| i|spa d
040 ## - FUENTE DE CATALOGACIÓN
Centro/agencia transcriptor M-RABA
Centro catalogador/agencia de origen M-RABA
Lengua de catalogación spa
245 00 - MENCIÓN DEL TÍTULO
Título Sta. Leocadia azotada
Medio [Material gráfico]
Mención de responsabilidad, etc. / Manuel Llorente
246 ## - FORMA VARIANTE DEL TITULO
Título propio/Titulo breve Llevada Santa Leocadia ante Daciano, la mandó azotar
260 ## - PUBLICACIÓN, DISTRIBUCIÓN, ETC.
Nombre del editor, distribuidor, etc. [Hauser y Menet]
Fecha de publicación, distribución, etc. , [ca. 1909]
300 ## - DESCRIPCIÓN FÍSICA
Extensión 1 fotografía
Otras características físicas : gelatina de plata
Dimensiones ; imagen 14 x 16 cm
-- ; soporte secundario 24 x 30 cm
500 ## - NOTA GENERAL
Nota general Fotografía del relieve "Santa Leocadia azotada" de Manuel Llorente, obteniendo el segundo premio de la Academia en Escultura, de segunda clase en el año 1763. Se conserva en el Museo de la Real Academia de Bellas Artes de San Fernando con nº de inventario E-393,
500 ## - NOTA GENERAL
Nota general Montada sobre un soporte secundario de cartón, con texto manuscrito a lápiz en la parte inferior al recto: "Sta. Leocadio azotada. 1763-2ª clase. Premiado con el 1º premio Alfonso Bergaz por 5 votos contra 4". Nota manuscrita al verso a lápiz rojo: "1763-2ª clase".
500 ## - NOTA GENERAL
Nota general Fecha probable de la realización de la fotografía realizada por Hauser y Menet.
544 ## - NOTA DE LOCALIZACIÓN DE MATERIALES DE ARCHIVO RELACIONADOS
Depositario(custodio) Archivo de la Real Academia de Bellas Artes de San Fernando (Le-4-29-1)
600 10 - PUNTO DE ACCESO ADICIONAL DE MATERIA--NOMBRE DE PERSONA
Nombre de persona Llorente, Manuel
9 (RLIN) 111687
610 24 - PUNTO DE ACCESO ADICIONAL DE MATERIA--NOMBRE DE ENTIDAD CORPORATIVA
Nombre de entidad corporativa o nombre de jurisdicción como elemento de entrada Real Academia de Bellas Artes de San Fernando.
9 (RLIN) 75832
651 #7 - PUNTO DE ACCESO ADICIONAL DE MATERIA--NOMBRE GEOGRÁFICO
Nombre geográfico Madrid
Fuente del encabezamiento o término embne
9 (RLIN) 75182
655 #7 - TERMINO DE INDIZACIÓN--GENERO/FORMA
Datos o término principal de género/forma Fotografías de obras de arte
9 (RLIN) 75675
710 2# - ENTRADA AGREGADA--NOMBRE DE ENTIDAD CORPORATIVA
Nombre de entidad corporativa o nombre de jurisdicción como elemento de entrada Hauser y Menet (Madrid)
9 (RLIN) 50978
852 ## - LOCALIZACIÓN
Número de control de estantería Fot-604
856 ## - LOCALIZACIÓN Y ACCESO ELECTRÓNICOS
Materiales especificados Fot-604
Identificador Uniforme de Recurso <a href="https://archivoybiblioteca.realacademiabellasartessanfernando.com/cgi-bin/koha/opac-retrieve-file.pl?id=294d33d26f9fd89085e1c3d3f90e62a6">https://archivoybiblioteca.realacademiabellasartessanfernando.com/cgi-bin/koha/opac-retrieve-file.pl?id=294d33d26f9fd89085e1c3d3f90e62a6</a>
942 ## - ELEMENTOS DE ENTRADA SECUNDARIOS (KOHA)
Fuente de la clasificación o esquema de estantería Clasificación Decimal Dewey
Tipo de ítem Koha Fotografías
Suprimir en OPAC No
Holdings
Estatus retirado Estado de pérdida Fuente de la clasificación o esquema de estantería Estado de daño No para préstamo Colección Biblioteca de origen Biblioteca actual Ubicación en estantería Fecha de adquisición Total de préstamos Signatura topográfica completa Código de barras Visto por última vez Precio de reemplazo Tipo de ítem Koha
    Clasificación Decimal Dewey     Fotografía Real Academia de la Bellas Artes de San Fernando Real Academia de la Bellas Artes de San Fernando Depósito 2 28/04/2025   Fot-604 1095455 28/04/2025 28/04/2025 Fotografías

Powered by Koha